<?xml version="1.0" encoding="UTF-8"?>
<resp>
  <nextPage>https://data.bn.org.pl/api/networks/bibs.marcxml?marc=001+b00001150001103&amp;sinceId=1150001104</nextPage>
  <collection>
    <record xmlns='http://www.loc.gov/MARC21/slim'><leader>01175namZa2200361ZiZ4500</leader><controlfield tag='001'>b00001150001103</controlfield><controlfield tag='005'>20241203215609.4</controlfield><controlfield tag='008'>230609s        pl           |000 0 pol c</controlfield><controlfield tag='009'>9913262190705606</controlfield><datafield ind1=' ' ind2=' ' tag='020'><subfield code='a'>8387596000</subfield></datafield><datafield ind1=' ' ind2=' ' tag='035'><subfield code='a'>KR_1KR_1_20120317233350024903-48omnis_kr</subfield></datafield><datafield ind1=' ' ind2=' ' tag='035'><subfield code='a'>KR_1_20120317233350024903</subfield><subfield code='9'>ExL</subfield></datafield><datafield ind1=' ' ind2=' ' tag='035'><subfield code='a'>(PL)b00001150001103</subfield></datafield><datafield ind1=' ' ind2=' ' tag='040'><subfield code='a'>KR_1</subfield><subfield code='c'>KR_1</subfield></datafield><datafield ind1='1' ind2=' ' tag='041'><subfield code='a'>pol</subfield><subfield code='h'>eng</subfield></datafield><datafield ind1='1' ind2=' ' tag='100'><subfield code='a'>Rivers, Francine</subfield></datafield><datafield ind1='1' ind2='0' tag='245'><subfield code='a'>Jak świt poranka /</subfield><subfield code='c'>Francine Rivers ; tł. Adam Szymanowski.</subfield></datafield><datafield ind1=' ' ind2=' ' tag='260'><subfield code='a'>W-wa :</subfield><subfield code='b'>&quot;Palabra&quot;,</subfield><subfield code='c'>2000.</subfield></datafield><datafield ind1=' ' ind2=' ' tag='300'><subfield code='a'>536 s. ;</subfield><subfield code='c'>21 cm.</subfield></datafield><datafield ind1='1' ind2=' ' tag='490'><subfield code='a'>ICHTIS Biblioteka Epiki Chrześcijańskiej</subfield></datafield><datafield ind1='1' ind2=' ' tag='490'><subfield code='a'>Znamię lwa ; t. 3</subfield></datafield><datafield ind1=' ' ind2=' ' tag='500'><subfield code='a'>p</subfield></datafield><datafield ind1=' ' ind2='9' tag='650'><subfield code='a'>Powieść amerykańska</subfield><subfield code='y'>21 w.</subfield></datafield><datafield ind1='1' ind2=' ' tag='700'><subfield code='a'>Szymanowski, Adam.</subfield><subfield code='e'>Tł.</subfield></datafield><datafield ind1=' ' ind2=' ' tag='852'><subfield code='b'>48OMNIS_NETWORK</subfield><subfield code='8'>9913262190705606</subfield></datafield><datafield ind1=' ' ind2=' ' tag='852'><subfield code='b'>48OMNIS_MBPG</subfield><subfield code='8'>991002310389708210</subfield></datafield><datafield ind1=' ' ind2=' ' tag='852'><subfield code='b'>48OMNIS_KR</subfield><subfield code='8'>991000011029708216</subfield></datafield><datafield ind1=' ' ind2=' ' tag='852'><subfield code='8'>22798985970008210</subfield><subfield code='j'>1</subfield><subfield code='b'>F16</subfield><subfield code='p'>10066899</subfield><subfield code='c'>UBYTKI_F16</subfield></datafield><datafield ind1=' ' ind2=' ' tag='852'><subfield code='8'>22798985990008210</subfield><subfield code='j'>1</subfield><subfield code='b'>F20</subfield><subfield code='p'>10314933</subfield><subfield code='c'>UBYTKI_F20</subfield><subfield code='z'>Tom: 3</subfield></datafield><datafield ind1=' ' ind2=' ' tag='920'><subfield code='a'>83-87596-00-0</subfield></datafield></record>
  </collection>
</resp>
